<?xml version="1.0" encoding="UTF-8"?>
<record
    xmlns:xsi="http://www.w3.org/2001/XMLSchema-instance"
    xsi:schemaLocation="http://www.loc.gov/MARC21/slim http://www.loc.gov/standards/marcxml/schema/MARC21slim.xsd"
    xmlns="http://www.loc.gov/MARC21/slim">

  <leader>00796nam a2200193   4500</leader>
  <controlfield tag="001">1146</controlfield>
  <controlfield tag="005">20181127162755.0</controlfield>
  <datafield tag="020" ind1="0" ind2="0">
    <subfield code="a"></subfield>
  </datafield>
  <datafield tag="090" ind1="0" ind2="0">
    <subfield code="a">339.47 B5759n 2007</subfield>
  </datafield>
  <datafield tag="110" ind1=" " ind2=" ">
    <subfield code="a">National Statistics Bureau, Royal Government of Bhutan.</subfield>
    <subfield code="b"></subfield>
    <subfield code="c"></subfield>
    <subfield code="d"></subfield>
    <subfield code="e"></subfield>
    <subfield code="n"></subfield>
    <subfield code="p"></subfield>
  </datafield>
  <datafield tag="245" ind1="0" ind2="0">
    <subfield code="a">Bhutan living  standard survey 2007 /</subfield>
    <subfield code="b"></subfield>
    <subfield code="c">National Statistics Bureau.</subfield>
    <subfield code="h"></subfield>
  </datafield>
  <datafield tag="260" ind1="0" ind2="0">
    <subfield code="a">Thimphu :</subfield>
    <subfield code="b">National Statistics Bureau,</subfield>
    <subfield code="c">2007.</subfield>
  </datafield>
  <datafield tag="300" ind1="0" ind2="0">
    <subfield code="a">127 p. ; 29 cm.</subfield>
  </datafield>
  <datafield tag="500" ind1=" " ind2=" ">
    <subfield code="a">Electronic copy available on RTC Cloud in the "Library"  folder</subfield>
  </datafield>
  <datafield tag="500" ind1="0" ind2="0">
    <subfield code="a">Includes statistical tables.</subfield>
  </datafield>
  <datafield tag="650" ind1="0" ind2="0">
    <subfield code="a">Cost and standard of living --Bhutan --Statistics.</subfield>
    <subfield code="x"></subfield>
  </datafield>
  <datafield tag="650" ind1="0" ind2="0">
    <subfield code="a">Cost and standard of living --Bhutan.</subfield>
    <subfield code="x"></subfield>
  </datafield>
  <datafield tag="856" ind1=" " ind2=" ">
    <subfield code="a"></subfield>
    <subfield code="u">http://www2.undp.org.bt/assets/files/publication/BLSS%202007%20REPORT.pdf</subfield>
    <subfield code="y">Bhutan living standard survey 2007</subfield>
    <subfield code="z"></subfield>
    <subfield code="3"></subfield>
  </datafield>
  <datafield tag="999" ind1=" " ind2=" ">
    <subfield code="c">803</subfield>
    <subfield code="d">803</subfield>
  </datafield>
  <datafield tag="952" ind1=" " ind2=" ">
    <subfield code="0">0</subfield>
    <subfield code="1">0</subfield>
    <subfield code="2">ddc</subfield>
    <subfield code="4">0</subfield>
    <subfield code="7">0</subfield>
    <subfield code="8">STORAGE</subfield>
    <subfield code="a">RTCLIB</subfield>
    <subfield code="b">RTCLIB</subfield>
    <subfield code="c">STORAGE</subfield>
    <subfield code="d">2021-09-27</subfield>
    <subfield code="h"> </subfield>
    <subfield code="i">4291</subfield>
    <subfield code="o">Periodicals Serials</subfield>
    <subfield code="p">30003568</subfield>
    <subfield code="r">2018-11-27 00:00:00</subfield>
    <subfield code="t">1</subfield>
    <subfield code="w">2018-11-27</subfield>
    <subfield code="y">STORAGE</subfield>
  </datafield>
  <datafield tag="952" ind1=" " ind2=" ">
    <subfield code="0">0</subfield>
    <subfield code="1">0</subfield>
    <subfield code="2">ddc</subfield>
    <subfield code="4">0</subfield>
    <subfield code="7">0</subfield>
    <subfield code="8">STORAGE</subfield>
    <subfield code="a">RTCLIB</subfield>
    <subfield code="b">RTCLIB</subfield>
    <subfield code="c">STORAGE</subfield>
    <subfield code="d">2021-09-27</subfield>
    <subfield code="h"> </subfield>
    <subfield code="i">2922</subfield>
    <subfield code="o">Periodicals Serials</subfield>
    <subfield code="p">30003578</subfield>
    <subfield code="r">2018-11-27 00:00:00</subfield>
    <subfield code="t">2</subfield>
    <subfield code="w">2018-11-27</subfield>
    <subfield code="y">STORAGE</subfield>
  </datafield>
  <datafield tag="952" ind1=" " ind2=" ">
    <subfield code="0">0</subfield>
    <subfield code="1">0</subfield>
    <subfield code="2">ddc</subfield>
    <subfield code="4">0</subfield>
    <subfield code="7">0</subfield>
    <subfield code="8">STORAGE</subfield>
    <subfield code="a">RTCLIB</subfield>
    <subfield code="b">RTCLIB</subfield>
    <subfield code="c">STORAGE</subfield>
    <subfield code="d">2021-09-27</subfield>
    <subfield code="h"> </subfield>
    <subfield code="i">2921</subfield>
    <subfield code="o">Periodicals Serials</subfield>
    <subfield code="p">30003528</subfield>
    <subfield code="r">2018-11-27 00:00:00</subfield>
    <subfield code="t">3</subfield>
    <subfield code="w">2018-11-27</subfield>
    <subfield code="y">STORAGE</subfield>
  </datafield>
  <datafield tag="952" ind1=" " ind2=" ">
    <subfield code="0">0</subfield>
    <subfield code="1">0</subfield>
    <subfield code="2">ddc</subfield>
    <subfield code="4">0</subfield>
    <subfield code="7">0</subfield>
    <subfield code="8">STORAGE</subfield>
    <subfield code="a">RTCLIB</subfield>
    <subfield code="b">RTCLIB</subfield>
    <subfield code="c">STORAGE</subfield>
    <subfield code="d">2021-09-27</subfield>
    <subfield code="h"> </subfield>
    <subfield code="i">2919</subfield>
    <subfield code="o">Periodicals Serials</subfield>
    <subfield code="p">30003676</subfield>
    <subfield code="r">2018-11-27 00:00:00</subfield>
    <subfield code="t">4</subfield>
    <subfield code="w">2018-11-27</subfield>
    <subfield code="y">STORAGE</subfield>
  </datafield>
  <datafield tag="952" ind1=" " ind2=" ">
    <subfield code="0">0</subfield>
    <subfield code="1">0</subfield>
    <subfield code="2">ddc</subfield>
    <subfield code="4">0</subfield>
    <subfield code="7">0</subfield>
    <subfield code="8">PERIODICALS</subfield>
    <subfield code="a">RTCLIB</subfield>
    <subfield code="b">RTCLIB</subfield>
    <subfield code="c">PERIODICALS</subfield>
    <subfield code="h"> </subfield>
    <subfield code="i">4292</subfield>
    <subfield code="l">0</subfield>
    <subfield code="o">Periodicals Serials</subfield>
    <subfield code="p">30003583</subfield>
    <subfield code="r">2018-11-27 00:00:00</subfield>
    <subfield code="t">5</subfield>
    <subfield code="w">2018-11-27</subfield>
    <subfield code="y">PERIODICAL</subfield>
  </datafield>
  <datafield tag="952" ind1=" " ind2=" ">
    <subfield code="0">0</subfield>
    <subfield code="1">0</subfield>
    <subfield code="2">ddc</subfield>
    <subfield code="4">0</subfield>
    <subfield code="7">0</subfield>
    <subfield code="8">PERIODICALS</subfield>
    <subfield code="a">RTCLIB</subfield>
    <subfield code="b">RTCLIB</subfield>
    <subfield code="c">PERIODICALS</subfield>
    <subfield code="h"> </subfield>
    <subfield code="i">4293</subfield>
    <subfield code="l">0</subfield>
    <subfield code="o">Periodicals Serials</subfield>
    <subfield code="p">30003569</subfield>
    <subfield code="r">2018-11-27 00:00:00</subfield>
    <subfield code="t">6</subfield>
    <subfield code="w">2018-11-27</subfield>
    <subfield code="y">PERIODICAL</subfield>
  </datafield>
  <datafield tag="952" ind1=" " ind2=" ">
    <subfield code="0">0</subfield>
    <subfield code="1">0</subfield>
    <subfield code="2">ddc</subfield>
    <subfield code="4">0</subfield>
    <subfield code="7">0</subfield>
    <subfield code="8">STORAGE</subfield>
    <subfield code="a">RTCLIB</subfield>
    <subfield code="b">RTCLIB</subfield>
    <subfield code="c">STORAGE</subfield>
    <subfield code="d">2021-09-27</subfield>
    <subfield code="h"> </subfield>
    <subfield code="i">4294</subfield>
    <subfield code="o">Periodicals Serials</subfield>
    <subfield code="p">30003574</subfield>
    <subfield code="r">2018-11-27 00:00:00</subfield>
    <subfield code="t">7</subfield>
    <subfield code="w">2018-11-27</subfield>
    <subfield code="y">STORAGE</subfield>
  </datafield>
  <datafield tag="952" ind1=" " ind2=" ">
    <subfield code="0">0</subfield>
    <subfield code="1">0</subfield>
    <subfield code="2">ddc</subfield>
    <subfield code="4">0</subfield>
    <subfield code="7">0</subfield>
    <subfield code="8">PERIODICALS</subfield>
    <subfield code="a">RTCLIB</subfield>
    <subfield code="b">RTCLIB</subfield>
    <subfield code="c">PERIODICALS</subfield>
    <subfield code="h"> </subfield>
    <subfield code="i">4295</subfield>
    <subfield code="l">0</subfield>
    <subfield code="o">Periodicals Series</subfield>
    <subfield code="p">30003680</subfield>
    <subfield code="r">2018-11-27 00:00:00</subfield>
    <subfield code="t">8</subfield>
    <subfield code="w">2018-11-27</subfield>
    <subfield code="y">PERIODICAL</subfield>
  </datafield>
  <datafield tag="952" ind1=" " ind2=" ">
    <subfield code="0">0</subfield>
    <subfield code="1">0</subfield>
    <subfield code="2">ddc</subfield>
    <subfield code="4">0</subfield>
    <subfield code="7">0</subfield>
    <subfield code="8">STORAGE</subfield>
    <subfield code="a">RTCLIB</subfield>
    <subfield code="b">RTCLIB</subfield>
    <subfield code="c">STORAGE</subfield>
    <subfield code="d">2021-09-27</subfield>
    <subfield code="h"> </subfield>
    <subfield code="i">4296</subfield>
    <subfield code="o">Periodicals Serials</subfield>
    <subfield code="p">30003716</subfield>
    <subfield code="r">2018-11-27 00:00:00</subfield>
    <subfield code="t">9</subfield>
    <subfield code="w">2018-11-27</subfield>
    <subfield code="y">STORAGE</subfield>
  </datafield>
  <datafield tag="952" ind1=" " ind2=" ">
    <subfield code="0">0</subfield>
    <subfield code="1">0</subfield>
    <subfield code="2">ddc</subfield>
    <subfield code="4">0</subfield>
    <subfield code="7">0</subfield>
    <subfield code="8">STORAGE</subfield>
    <subfield code="a">RTCLIB</subfield>
    <subfield code="b">RTCLIB</subfield>
    <subfield code="c">STORAGE</subfield>
    <subfield code="d">2021-09-27</subfield>
    <subfield code="h"> </subfield>
    <subfield code="i">4297</subfield>
    <subfield code="o">Periodicals Serials</subfield>
    <subfield code="p">30003675</subfield>
    <subfield code="r">2018-11-27 00:00:00</subfield>
    <subfield code="t">10</subfield>
    <subfield code="w">2018-11-27</subfield>
    <subfield code="y">STORAGE</subfield>
  </datafield>
  <datafield tag="952" ind1=" " ind2=" ">
    <subfield code="0">0</subfield>
    <subfield code="1">0</subfield>
    <subfield code="2">ddc</subfield>
    <subfield code="4">0</subfield>
    <subfield code="7">0</subfield>
    <subfield code="8">STORAGE</subfield>
    <subfield code="a">RTCLIB</subfield>
    <subfield code="b">RTCLIB</subfield>
    <subfield code="c">STORAGE</subfield>
    <subfield code="d">2021-09-27</subfield>
    <subfield code="h"> </subfield>
    <subfield code="i">4298</subfield>
    <subfield code="o">Periodicals Serials</subfield>
    <subfield code="p">30003715</subfield>
    <subfield code="r">2018-11-27 00:00:00</subfield>
    <subfield code="t">11</subfield>
    <subfield code="w">2018-11-27</subfield>
    <subfield code="y">STORAGE</subfield>
  </datafield>
  <datafield tag="952" ind1=" " ind2=" ">
    <subfield code="0">0</subfield>
    <subfield code="1">0</subfield>
    <subfield code="2">ddc</subfield>
    <subfield code="4">0</subfield>
    <subfield code="7">0</subfield>
    <subfield code="8">STORAGE</subfield>
    <subfield code="a">RTCLIB</subfield>
    <subfield code="b">RTCLIB</subfield>
    <subfield code="c">STORAGE</subfield>
    <subfield code="d">2021-09-27</subfield>
    <subfield code="h"> </subfield>
    <subfield code="i">2920</subfield>
    <subfield code="o">Periodicals Serials</subfield>
    <subfield code="p">30003549</subfield>
    <subfield code="r">2018-11-27 00:00:00</subfield>
    <subfield code="t">12</subfield>
    <subfield code="w">2018-11-27</subfield>
    <subfield code="y">STORAGE</subfield>
  </datafield>
</record>
